000 00330nam a22001337a 4500
008 170527b xxu||||| |||| 00| 0 eng d
020 _a0127784527
041 _aeng
080 _a621.3
100 _a27
101 _aIM
245 _aOBJECT-ORIENTED SIMULATION WITH HIERARCHICAL, MODULAR MODELS
_cZEIGLER, B.P
942 _2udc
_cBK
999 _c14667
_d14667